|
|
|
|
| LEADER |
00000nab a2200000uu 4500 |
| 001 |
vtls011510628 |
| 003 |
SK-MaSNL |
| 005 |
20260303162439.0 |
| 008 |
230302|1884 xo |||||||||||||||||slo| |
| 015 |
|
|
|a SNBRB
|
| 035 |
|
|
|a (urnnbn)urn:nbn:sk:snk:ar-0010rd
|
| 035 |
|
|
|a (uuid)70f8b3c7-0dbf-402a-a402-f851737f4019
|
| 035 |
|
|
|a urn:nbn:sk:snk-abe1fb
|
| 040 |
|
|
|a SNKBUCL
|b slo
|c SNKBUCL
|e AACR2
|
| 041 |
0 |
|
|a slo
|
| 044 |
|
|
|a xo
|c SK
|
| 100 |
1 |
|
|a V.
|4 aut
|9 554439
|
| 245 |
1 |
0 |
|a Básně Františka Táborského
|c V.
|
| 773 |
0 |
|
|t Slovenské pohľady
|g Roč. 4, č. 6 (1884), s. 576-582
|
| 958 |
|
|
|a OND
|
| 958 |
|
|
|a EUIPO
|
| 958 |
|
|
|a article21
|
| 999 |
|
|
|c 2054321
|d 2056251
|